[Event "LSS RB-2008-0-00035"]
[Site "LSS email"]
[Date "2008.12.17"]
[Round "?"]
[White "Baer, Werner"]
[Black "Kanios, Michal"]
[Result "1-0"]
[WhiteElo "1975"]
[BlackElo "2115"]
[PlyCount "67"]
[EventDate "2008.11.27"]
[EventType "tourn (corr)"]
[EventRounds "6"]
[EventCountry "GER"]
[SourceTitle "Corr 2011"]
[Source "ChessBase"]
[SourceDate "2010.08.31"]
[SourceVersion "1"]
[SourceVersionDate "2010.08.31"]
[SourceQuality "1"]

1. d4 d5 2. Nf3 Nf6 3. c4 e6 4. Nc3 Bb4 5. Bd2 0-0 6. e3 c6 7. Bd3 dxc4 8. Bxc4 Nbd7 9. 0-0 b6 10. Re1 Qe7 11. Qc2 Bb7 12. a3 Bd6 13. e4 e5 14. h3 Rad8 15. Ba2 h6 16. Rad1 Nh5 17. Ne2 Qf6 18. b4 Rfe8 19. Bc3 c5 20. bxc5 bxc5 21. dxe5 Bxe5 22. Ba5 Bxe4 23. Qb3 Bxf3 24. Bxd8 Rxd8 25. Qxf3 Qxf3 26. gxf3 Kf8 27. Rd3 Nhf6 28. Red1 g6 29. Kg2 Bc7 30. Nc3 Be5 31. Nb5 Bb8 32. Bc4 g5 33. Nc3 Be5 34. Ne2 1-0

[Event "LSS RB-2008-0-00035"]
[Site "LSS email"]
[Date "2008.12.17"]
[Round "?"]
[White "Kanios, Michal"]
[Black "Do Amaral, Rogerio Einloft"]
[Result "1/2-1/2"]
[WhiteElo "1955"]
[BlackElo "1892"]
[PlyCount "27"]
[EventDate "2008.11.27"]
[EventType "tourn (corr)"]
[EventRounds "6"]
[EventCountry "GER"]
[SourceTitle "Corr 2013"]
[Source "ChessBase"]
[SourceDate "2012.11.12"]
[SourceVersion "1"]
[SourceVersionDate "2012.11.12"]
[SourceQuality "1"]

1. e4 c6 2. c3 d5 3. e5 Bf5 4. d4 e6 5. Nf3 Nd7 6. Bd3 Ne7 7. 0-0 Bxd3 8. Qxd3 h6 9. Nbd2 g5 10. a4 c5 11. h3 Rc8 12. Qb5 Qc7 13. a5 a6 14. Qa4 1/2-1/2